Decision support systems in the 21st century (Record no. 174752)
[ view plain ]
| 000 -LEADER | |
|---|---|
| fixed length control field | 00420nam a2200157Ia 4500 |
| 008 - FIXED-LENGTH DATA ELEMENTS--GENERAL INFORMATION | |
| fixed length control field | 231217s9999 xx 000 0 und d |
| 041 ## - LANGUAGE CODE | |
| Language code of text/sound track or separate title | English |
| 082 ## - DEWEY DECIMAL CLASSIFICATION NUMBER | |
| Classification number | 001.535 MAR;2 R1 |
| 100 ## - MAIN ENTRY--PERSONAL NAME | |
| Personal name | Marakas, George M |
| 245 #0 - TITLE STATEMENT | |
| Title | Decision support systems in the 21st century |
| 250 ## - EDITION STATEMENT | |
| Edition statement | 2nd ed |
| 260 ## - PUBLICATION, DISTRIBUTION, ETC. | |
| Date of publication, distribution, etc. | 2003 |
| Name of publisher, distributor, etc. | Pearson |
| Place of publication, distribution, etc. | Delhi |
| 300 ## - PHYSICAL DESCRIPTION | |
| Extent | xx+611 |
| 650 ## - SUBJECT ADDED ENTRY--TOPICAL TERM | |
| Topical term or geographic name entry element | Decision,support,systems,21st,century |
| 942 ## - ADDED ENTRY ELEMENTS (KOHA) | |
| Koha item type | Books |
| Date last seen | Total checkouts | Full call number | Accession number | Cost, total (INR) price | Price effective from | Category | Lost status | Damaged status | Department | Withdrawn status | Home library | Current library | Shelving location | Entry date | Vendor | Cost, normal purchase price | Grants | Billnumber | Billdate | Currency symbol | Conversion rate | Discount | Old discount |
|---|---|---|---|---|---|---|---|---|---|---|---|---|---|---|---|---|---|---|---|---|---|---|---|
| 26/01/2024 | 001.535 MAR;2 R1 | 34440 | 180.00 | 26/01/2024 | Books | Central Library | Central Library | Central Library | Library Annex | 17/05/2005 | Sai Books | 225.00 | IS | 2005/INV/000034 | 07/06/2008 | RS | 1 | 45 | 20 | ||||
| 26/01/2024 | 001.535 MAR;3 | 34441 | 180.00 | 26/01/2024 | Books | Central Library | Central Library | Central Library | Central Library | 17/05/2005 | Sai Books | 225.00 | IS | 2005/INV/000034 | 07/06/2008 | RS | 1 | 45 | 20 | ||||
| 26/01/2024 | 001.535 MAR;4 | 34442 | 180.00 | 26/01/2024 | Books | Central Library | Central Library | Central Library | Central Library | 17/05/2005 | Sai Books | 225.00 | IS | 2005/INV/000034 | 07/06/2008 | RS | 1 | 45 | 20 |
